|
|
|
|
| LEADER |
00000cam a2200000 4500 |
| 001 |
vtls012019705 |
| 003 |
SK-MaSNL |
| 005 |
20260425232139.0 |
| 008 |
210325s2020 xo odabgrfp 000 0 slo |
| 015 |
|
|
|a SNBA2022/01
|
| 020 |
|
|
|a 9788081208072
|q (brožované)
|
| 040 |
|
|
|a SNK
|b slo
|c SNK
|e rda
|
| 041 |
0 |
|
|a slo
|
| 043 |
|
|
|a exo---
|
| 044 |
|
|
|a xo
|c SK
|
| 072 |
|
7 |
|a 91
|x Geografia ako veda. Výskum. Cestovanie
|2 konspekt
|
| 072 |
|
7 |
|a 37.014
|x Vzdelávacia a výchovná politika
|2 konspekt
|
| 080 |
|
|
|a 91
|2 2011
|
| 080 |
|
|
|a (437.6)
|2 2011
|
| 080 |
|
|
|a (075.2)
|2 2011
|
| 080 |
|
|
|a (075.3)
|2 2011
|
| 080 |
|
|
|a (076.1)
|2 2011
|
| 100 |
1 |
|
|a Bubelíny, Patrik
|4 aut
|9 170768
|
| 245 |
1 |
0 |
|a Geografia 5
|b pracovný zošit pre 5. ročník ZŠ : zošit pre učiteľa
|c Patrik Bubelíny ; mapy Ľuboš Balážovič ; ilustrácie Michal Tinák-Uhrín, Shutterstock, Thinkstockphotos
|
| 246 |
1 |
|
|i Obálkový podnázov:
|a Zošit pre učiteľa
|
| 250 |
|
|
|a [2. vydanie]
|
| 264 |
|
1 |
|a Bratislava
|b Orbis Pictus Istropolitana
|c 2020
|
| 300 |
|
|
|a 88 strán
|b farebné fotografie, grafy, ilustrácie, mapy
|c 24 cm
|
| 336 |
|
|
|a text
|b txt
|2 rdacontent
|
| 336 |
|
|
|a statický obraz
|b sti
|2 rdacontent
|
| 336 |
|
|
|a kartografický obraz
|b cri
|2 rdacontent
|
| 337 |
|
|
|a bez média
|b n
|2 rdamedia
|
| 338 |
|
|
|a zväzok
|b nc
|2 rdacarrier
|
| 500 |
|
|
|a Údaj o poradí vydania podľa NA ISBN
|
| 650 |
0 |
7 |
|a geografia
|2 SNKPH
|9 823
|
| 650 |
0 |
7 |
|a Geography
|2 SNKPHeng
|9 265075
|
| 651 |
|
7 |
|a Slovensko
|2 SNKPHgeo
|9 14231
|
| 651 |
|
7 |
|a Slovakia
|2 SNKPHeng
|9 92630
|
| 655 |
|
7 |
|a učebnice základných škôl
|2 SNKPH
|9 70187
|
| 655 |
|
7 |
|a učebnice stredných škôl
|2 SNKPH
|9 69323
|
| 655 |
|
7 |
|a pracovné zošity
|2 SNKPH
|9 70188
|
| 655 |
|
7 |
|a Textbooks (elementary)
|2 SNKPHeng
|9 276977
|
| 655 |
|
7 |
|a Secondary school textbooks
|2 SNKPHeng
|9 135487
|
| 655 |
|
7 |
|a Activity books
|2 SNKPHeng
|9 302885
|
| 700 |
1 |
|
|a Balážovič, Ľuboš,
|d 1982-
|4 ctg
|9 200448
|
| 700 |
1 |
|
|a Tinák Uhrín, Michal
|4 ill
|9 195539
|
| 710 |
2 |
|
|a Shutterstock (firma)
|4 ill
|4 pht
|9 170229
|
| 710 |
2 |
|
|a Thinkstockphotos
|4 ill
|4 pht
|9 350640
|
| 919 |
|
|
|a 978-80-8120-807-2
|
| 999 |
|
|
|c 730488
|d 732418
|
| 952 |
|
|
|a SNK
|b SNK
|y PREZ
|7 0
|p 17A1450891
|o snkSC 192101
|i snk2021/2166
|8 0
|0 0
|1 0
|4 0
|d 2021-03-25
|f 1
|l 0
|r 2025-10-09 00:00:00
|w 2026-02-23
|
| 952 |
|
|
|a SNK
|b SNK
|y VYP
|7 0
|p 17A1450892
|o snkSC 192101 D1
|i snk2021/2168
|8 0
|0 0
|1 0
|4 0
|d 2021-03-25
|l 0
|r 2026-02-23 22:27:24
|w 2026-02-23
|